000 00294nam a22001337a 4500
008 180209b xxu||||| |||| 00| 0 eng d
020 _a9780030686887
041 _aeng
080 _24 ed
_a37
100 _a48
101 _aedu
245 _aelements of language
_clee.o
942 _2udc
_cBK
999 _c42227
_d42227